La tentación de lo imposible : (Record no. 83170)

MARC details
000 -LEADER
campo de control de longitud fija 00924cam a2200289Ma 4500
001 - NÚMERO DE CONTROL
campo de control 86707
005 - FECHA Y HORA DE LA ÚLTIMA TRANSACCIÓN
campo de control 20230410130936.0
008 - DATOS DE LONGITUD FIJA--INFORMACIÓN GENERAL
campo de control de longitud fija 080218s2005 ck g 000 f spa d
035 ## - NÚMERO DE CONTROL DEL SISTEMA
Número de control de sistema (OCoLC)ocn318399557
040 ## - FUENTE DE CATALOGACIÓN
Centro catalogador/agencia de origen ZZAND
Lengua de catalogación spa
Centro/agencia transcriptor ZZAND
020 ## - NÚMERO INTERNACIONAL ESTÁNDAR DEL LIBRO
Número Internacional Estándar del Libro 9587042662
020 ## - NÚMERO INTERNACIONAL ESTÁNDAR DEL LIBRO
Número Internacional Estándar del Libro 9789587042665
035 ## - NÚMERO DE CONTROL DEL SISTEMA
Número de control de sistema (OCoLC)318399557
082 00 - NÚMERO DE LA CLASIFICACIÓN DECIMAL DEWEY
Número de clasificación 840.4
049 ## - FONDOS LOCALES (OCLC)
Biblioteca depositaria GRAL
050 14 - SIGNATURA TOPOGRÁFICA DE LA BIBLIOTECA DEL CONGRESO
Número de clasificación PQ 8498.32
Número de ítem V297t 2005
100 1# - ENTRADA PRINCIPAL--NOMBRE DE PERSONA
Nombre de persona Vargas Llosa, Mario,
Fechas asociadas al nombre 1936-
245 13 - MENCIÓN DEL TÍTULO
Título La tentación de lo imposible :
Resto del título Victor Hugo y los Miserables /
Mención de responsabilidad, etc. Mario Vargas Llosa.
260 ## - PUBLICACIÓN, DISTRIBUCIÓN, ETC.
Lugar de publicación, distribución, etc. Bogotá, Colombia :
Nombre del editor, distribuidor, etc. Alfaguara,
Fecha de publicación, distribución, etc. 2005.
300 ## - DESCRIPCIÓN FÍSICA
Extensión 223 p. ;
Dimensiones 24 cm.
504 ## - NOTA DE BIBLIOGRAFÍA, ETC.
Nota de bibliografía, etc. Incluye notas bibliográficas al pie del texto e índice.
600 17 - PUNTO DE ACCESO ADICIONAL DE MATERIA--NOMBRE DE PERSONA
Nombre de persona Hugo, Victor Marie,
Títulos y otros términos asociados al nombre conde,
Fechas asociadas al nombre 1802-1885
Subdivisión de forma Crítica e interpretación.
650 17 - PUNTO DE ACCESO ADICIONAL DE MATERIA--TÉRMINO DE MATERIA
Término de materia o nombre geográfico como elemento de entrada Novela francesa
Subdivisión general Historia y crítica.
740 42 - ENTRADA AGREGADA--TÍTULO RELACIONADO/ANALÍTICO NO CONTROLADO
Título relacionado o analítico no controlado Los Miserables.
942 ## - ELEMENTOS DE ENTRADA SECUNDARIOS (KOHA)
Fuente del sistema de clasificación o colocación Clasificación de Library of Congress
Tipo de ítem Koha
994 ## -
-- C0
-- DRFGD
Holdings
Estatus retirado Estado de pérdida Fuente del sistema de clasificación o colocación Estado de daño No para préstamo Colección Biblioteca de origen Biblioteca actual Ubicación en estantería Fecha de adquisición Serial enumeration / chronology Signatura topográfica completa Código de barras Visto por última vez Copia número Tipo de ítem Koha
    Clasificación de Library of Congress     Humanidades Biblioteca Juan Bosch Biblioteca Juan Bosch Humanidades (4to. Piso) 10/04/2023 1 PQ 8498.32 V297t 2005 00000073337 25/10/2018 1